000 00612nam a22002057a 4500
003 OSt
005 20141216141959.0
008 141216b xxu||||| |||| 00| 0 eng d
020 _a0702019151
040 _cDNLM
082 _aW 84 C615 1995
245 _aThe clinician's management handbook./
_cEdited by David M Hansell & Brian Salter
260 _aLondon :
_bWB saunders company Ltd
_c1995
300 _axiv,182 p.:
_bill;
_c27 cm
504 _aincludes index.
650 _aClinician's management
_92235
700 _4Editor
_aHansell David M
_92236
700 _4Editor
_aSalter Brian
_92237
942 _2z
_cSLOAN
999 _c825
_d825